书目信息 |
| 题名: |
整式
|
|
| 作者: | 吉星 , 杨佩详 编 | |
| 分册: | ||
| 出版信息: | 南京 江苏人民出版社 1979 |
|
| 页数: | 164页 | |
| 开本: | 19cm | |
| 丛书名: | 数学基础知识丛书 | |
| 单 册: | ||
| 中图分类: | O122.1 | |
| 科图分类: | ||
| 主题词: | 整数--代数式 , 整数 , 代数式 | |
| 电子资源: | ||
| ISBN: | ||
| 000 | 00695oam2 2200277 450 | |
| 001 | 1541179589 | |
| 005 | 20150126112640.34 | |
| 010 | @dCNY0.40 | |
| 091 | @a13100.027 | |
| 100 | @a19950725d1979 demy0chiy0110 ea | |
| 101 | 0 | @achi |
| 102 | @aCN@b320000 | |
| 105 | @ay z 000yy | |
| 200 | 1 | @a整式@9zheng shi@f吉星,杨佩祥编 |
| 210 | @a南京@c江苏人民出版社@d1979 | |
| 215 | @a164页@d19cm | |
| 225 | 2 | @a数学基础知识丛书 |
| 461 | 0 | @12001 @a数学基础知识丛书 |
| 606 | 0 | @a整数@x代数式 |
| 606 | 0 | @a整数 |
| 606 | 0 | @a代数式 |
| 690 | @aO122.1@v5 | |
| 701 | 0 | @a吉星@9ji xing@4编 |
| 701 | 0 | @a杨佩详@9yang pei xiang@4编 |
| 801 | 0 | @aCN@bTSSF@c20150126 |
| 905 | @aZUCC@dO122.1@eJY1 | |
| 整式/吉星,杨佩祥编.-南京:江苏人民出版社,1979 |
| 164页;19cm.-(数学基础知识丛书) |
| ISBN :CNY0.40 |
| ● |
| 相关链接 |
|
|
|
|
正题名:整式
索取号:O122.1/JY1
 
预约/预借
| 序号 | 登录号 | 条形码 | 馆藏地/架位号 | 状态 | 备注 |
| 1 | 7838239 | 278382395 | 学院路分馆/ [索取号:O122.1/JY1] | 在馆 |